North Korea's Nuclear Weapons : Technical Issues.

Summarizes what is known from open sources about North Korean nuclear weapons production capabilities, including estimates of nuclear warheads and stocks, plutonium production, uranium enrichment, Oct. 2006 and May 2009 nuclear tests, delivery systems, and nuclear doctrine and intent. Assesses curre...

Full description

Bibliographic Details
Corporate Authors: Library of Congress. Congressional Research Service, ProQuest (Firm)
Format: eBook
Language:English
Published: [Place of publication not identified] : [publisher not identified], 2009.
Series:U.S. Congressional Research.
Subjects:
Online Access:Connect to the full text of this electronic book

MARC

Tag First Indicator Second Indicator Subfields
LEADER 00000cam a22000001a 4500
001 in00003407413
006 m d f
007 cr bn mmmapmmp
008 101223s2009 dcu o f000 0 eng d
005 20260429185007.2
035 |a cis2007870130 
040 |a ProQuest  |c ProQuest  |d UtOrBLW 
043 |a n-us--- 
099 |a CRS-2009-FDT-0643 
110 2 |a Library of Congress.  |b Congressional Research Service. 
245 1 0 |a North Korea's Nuclear Weapons :  |b Technical Issues. 
264 1 |a [Place of publication not identified] :  |b [publisher not identified],  |c 2009. 
300 |a 1 online resource. 
336 |a text  |b txt  |2 rdacontent 
337 |a computer  |b c  |2 rdamedia 
338 |a online resource  |b cr  |2 rdacarrier 
500 |a Record is based on bibliographic data in ProQuest U.S. Congressional Research Digital Collection (last viewed Dec. 2010). Reuse except for individual research requires license from ProQuest, LLC. 
500 |a CRS Report. 
520 |a Summarizes what is known from open sources about North Korean nuclear weapons production capabilities, including estimates of nuclear warheads and stocks, plutonium production, uranium enrichment, Oct. 2006 and May 2009 nuclear tests, delivery systems, and nuclear doctrine and intent. Assesses current developments in verifying dismantlement of North Korean nuclear facilities, as agreed in the Six-Party Talks; and covers proliferation issues and other issues for Congress relating to funding, authority, and policy guidance. 
500 |a Electronic resource. 
650 0 |a Plutonium. 
650 0 |a Uranium. 
651 0 |a Korea (North) 
655 7 |a Electronic books.  |2 local 
710 2 |a ProQuest (Firm) 
776 0 8 |i Microfiche version:   |a Library of Congress. Congressional Research Service.  |t North Korea's Nuclear Weapons 
830 0 |a U.S. Congressional Research. 
856 4 0 |u http://proxy.library.tamu.edu/login?url=https://congressional.proquest.com/congcomp/getdoc?CRDC-ID=CRS-2009-FDT-0643  |z Connect to the full text of this electronic book  |t 0 
999 |a MARS 
999 f f |s 12f78995-44db-33ff-b8e4-da8797827121  |i 1b527603-e7d4-3ee0-8458-bd58c3cf7143  |t 0 
952 f f |a Texas A&M University  |b College Station  |c Electronic Resources  |s www_evans  |d Available Online  |t 0  |e CRS-2009-FDT-0643  |h Other scheme 
998 f f |a CRS-2009-FDT-0643  |t 0  |l Available Online